| 000 | 00687nam a22001817a 4500 | ||
|---|---|---|---|
| 005 | 20201124142004.0 | ||
| 008 | 111206sua ua||||| |||| 00| 0cara d | ||
| 020 | _a9772479346 | ||
| 082 |
_a181 _222 _bت و م |
||
| 100 |
_928014 _aتوملين، ا. و. ف |
||
| 245 |
_aفلاسفة الشرق / _cا. و. ف. توملين ؛ ترجمة عبد الحميد سليم ؛ مراجعة علي ادهم. |
||
| 260 |
_aالقاهرة : _bدار المعارف، _c1980. |
||
| 300 |
_a333 ص. ؛ _c25 سم. |
||
| 504 | _aيشتمل على ارجاعات ببليوجرافية. | ||
| 653 |
_bAra _cDecember2011 |
||
| 700 |
_928016 _aسليم، عبد الحميد _eمترجم |
||
| 942 |
_2ddc _cBB |
||
| 999 |
_c16301 _d16301 |
||